000 01838cam a22004694i 4500
003 PE-LiUPU
005 20250731173336.0
008 150706s2007 pau rb 000 0 eng d
020 _a9780814631720
035 _a(Sirsi) i9780814631720
040 _aPE-LiUPU
_bspa
_cPE-LiUPU
_erda
049 _aPRUA
082 0 4 _a228.077
_bB81
_221
100 1 _aBraaten, Mark,
_eautor.
245 1 0 _aCome, Lord Jesus :
_ba study of Revelation /
_cMark Braaten.
264 1 _aCollegeville, Minn. :
_bLiturgical Press,
_c2007.
300 _a157 páginas ;
_c23 centímetros
336 _atext
_2rdacontent
337 _aunmediated
_2rdamedia
338 _avolume
_2rdacarrier
504 _aNotas bibliográficas alpie de algunas páginas.
505 0 _aA vision of Christ -- Messages to the seven churches -- In the throne room -- Seven seals -- The seven trumpets -- God's plan -- Evil exposed -- Pick a side -- Seven bowls of wrath -- The fall of Rome -- Pictures of the end -- The new Jerusalem.
526 _aSEG42
526 _aSEG41
526 _aSEG40
526 _aSEG39
526 _aP94
526 _aP87
526 _aP86
526 _aP85
526 _aP77
526 _aP76
526 _aP35
541 _g104-3776787-4588217;
630 _aBiblia.
_pN.T.
_pApocalipsis
_vLibros de texto.
910 _agl
_bjv
_clch
_d20090810
942 _2ddc
_cBOOK
949 _a228.077 B81
_wDEWEY
_c1
_i59792
_lCCODEBUL1
_mBUL
_p12.00
_r0
_sY
_tBOOK
_u2015-7-6
_xTEOLOGIA
_PP85
_0COMPRA
_o.STAFF. Colección General
994 _aC0
_bPEPRU
596 _a1
999 _a228.077 B81
_wDEWEY
_c49324
_i59792
_d49324
_e2017-3-30
_f2021-11-9
_g5
_lCCODEBUL1
_mBUL
_n1
_p12.00
_q4
_r0
_sY
_tBOOK
_u2015-7-6
_xTEOLOGIA
_PP85
_0COMPRA
_o.STAFF. Colección Teología
980 _81
_gALBERTO SANCHEZ Responsable de Automatización